000 01562nam a22003854a 4500
001 ebr10064634
003 CaPaEBR
006 m u
007 cr cn|||||||||
008 040420s2004 ne a sb 001 0 eng
010 _z 2004049727
020 _z9027227012 (Eur.)
020 _z1588115348 (US : hb. : alk. paper)
040 _aCaPaEBR
_cCaPaEBR
035 _a(OCoLC)60779321
050 1 4 _aHQ10
_b.M86 2004eb
082 0 4 _a302.2
_222
100 1 _aMuntigl, Peter.
245 1 0 _aNarrative counselling
_h[electronic resource] :
_bsocial and linguistic processes of change /
_cPeter Muntigl.
260 _aAmsterdam ;
_aPhiladelphia :
_bJohn Benjamins Pub.,
_cc2004.
300 _avii, 346 p. :
_bill.
490 1 _aDiscourse approaches to politics, society, and culture,
_x1569-9463 ;
_vv. 11
504 _aIncludes bibliographical references (p. [335]-342) and index.
533 _aElectronic reproduction.
_bPalo Alto, Calif. :
_cebrary,
_d2013.
_nAvailable via World Wide Web.
_nAccess may be limited to ebrary affiliated libraries.
650 0 _aMarriage counseling.
650 0 _aCounseling
_vCase studies.
650 0 _aNarrative therapy.
650 0 _aCounselor and client.
650 0 _aDiscourse analysis.
650 0 _aChange (Psychology)
655 7 _aElectronic books.
_2local
710 2 _aebrary, Inc.
830 0 _aDiscourse approaches to politics, society, and culture ;
_vv. 11.
856 4 0 _uhttp://site.ebrary.com/lib/rucke/Doc?id=10064634
_zAn electronic book accessible through the World Wide Web; click to view
999 _c48202
_d48202